15 Największych Miast w Afryce na Mapie - Statystyki

Ogólne statystyki
  • Ten quiz został rozwiązany 24 razy
  • Średni wynik to 12 z 15
Odpowiedzi na mapie
Odpowiedzi zakodowano w zielono-czerwonej skali na mapie do tego quizu, zgodnie z poniższymi procentami.
 
Statystyki odpowiedzi
Państwo Miasto Populacja % Poprawnych
Republika Południowej Afryki Johannesburg 7,9 mln
100%
Egipt Kair 9,8 mln
100%
RPA Kapsztad 3,4 mln
100%
Senegal Dakar 3,2 mln
91%
Egipt Aleksandria 5,3 mln
86%
Kenia Nairobi 4,4 mln
86%
Nigeria Lagos 5,2 mln
82%
Etiopia Addis Abeba 3,7 mln
77%
Maroko Casablanca 3,2 mln
77%
Angola Luanda 6,7 mln
77%
Demokratyczna Republika Konga Kinszasa 7,2 mln
68%
Egipt Giza 4,4 mln
59%
Mali Bamako 4,2 mln
55%
Wybrzeże Kości Słoniowej Abidżan 4,4 mln
45%
Tanzania Dar Es Salaam 5,4 mln
45%
Nie znaleziono quizów pasujących do podanych kryteriów
Rozkład punktacji
Procent ludzi z każdym wynikiem
Percentyl według liczby udzielonych odpowiedzi
Twoja historia wyników
Nie rozwiązałeś tego quizu